Podmínky úspěšné realizace eventu
Event marketing je súčasťou marketingovej komunikácie. Hlavné body, ktorých sa event marketér pri organizácii eventu musí držať. Práca má byť návodom ako správne event naplánovať, na čo sa zamerať a na čo pri plánovaní akcie nezabudnúť. Autorka vychádza z odborných časopisov, z internetu a z praktic...
Saved in:
| Main Author: | |
|---|---|
| Format: | Book Chapter |
| Language: | Czech |
| Subjects: | |
| Tags: |
No Tags, Be the first to tag this record!
|
MARC
| LEADER | 00000nla$a2200000$$$4500 | ||
|---|---|---|---|
| 001 | 0076973 | ||
| 005 | 20220801085113.6 | ||
| 041 | 0 | |a cze | |
| 044 | |a CZ | ||
| 245 | 1 | 0 | |a Podmínky úspěšné realizace eventu |c Eva Staňková |
| 520 | |a Event marketing je súčasťou marketingovej komunikácie. Hlavné body, ktorých sa event marketér pri organizácii eventu musí držať. Práca má byť návodom ako správne event naplánovať, na čo sa zamerať a na čo pri plánovaní akcie nezabudnúť. Autorka vychádza z odborných časopisov, z internetu a z praktických skúseností. | ||
| 610 | 2 | 0 | |a marketing |
| 610 | 2 | 0 | |a komunikácia marketingová |
| 610 | 2 | 0 | |a stratégia marketingová |
| 100 | 1 | |a Staňková, Eva | |